000 00251nam a2200097Ia 4500
001 689982
005 20250826161807.0
008 250824s9999 xx 000 0 und d
245 0 _aROBİNSON CRUSOE
_cJONATHAN SWİFT
260 _bANTİK DÜNYA KLASİKLERİ
999 _c689982
_d689982